[Event "Treviso op-C 1st"]
[Site "Treviso"]
[Date "2017.03.18"]
[Round "2.10"]
[White "Licandro, Michele"]
[Black "Feichter, Matthias"]
[Result "0-1"]
[WhiteElo "1543"]
[BlackElo "1589"]
[PlyCount "114"]
[EventDate "2017.03.17"]
[EventType "swiss"]
[EventRounds "5"]
[EventCountry "ITA"]
[SourceTitle "EXT 2024"]
[Source "ChessBase"]
[SourceDate "2023.10.10"]
[SourceVersion "1"]
[SourceVersionDate "2023.10.10"]
[SourceQuality "1"]

1. d4 Nf6 2. Bf4 g6 3. Nd2 Bg7 4. c3 0-0 5. e4 d6 6. Ngf3 Nbd7 7. Bc4 b6 8. 0-0 Bb7 9. Bd3 h6 10. Re1 Nh5 11. Be3 e5 12. d5 Nc5 13. Bb1 Bc8 14. h3 f5 15. exf5 Bxf5 16. Nh2 Bxb1 17. Rxb1 Nf4 18. b4 Nd7 19. c4 a5 20. a3 axb4 21. axb4 Qe7 22. Ne4 Nf6 23. Qc2 Qf7 24. Red1 Nxe4 25. Qxe4 Ne2+ 26. Kh1 Nc3 27. Qf3 Qxf3 28. Nxf3 Nxd1 29. Rxd1 Ra4 30. Rb1 Rfa8 31. Nh4 Kh7 32. f4 exf4 33. Bxf4 g5 34. Bxd6 cxd6 35. Nf5 Be5 36. g3 Ra1 37. Rxa1 Rxa1+ 38. Kg2 Ra4 39. c5 bxc5 40. bxc5 dxc5 41. d6 Ra7 42. Kf3 Rd7 43. Kg4 Bxd6 44. Ne3 Bf8 45. Kf3 Kg6 46. g4 Bg7 47. Ke2 Kf6 48. Nc4 Ke6 49. Ke3 Rc7 50. Kd3 Rc6 51. Ne3 Ke5 52. Kc4 Kf4 53. Nf5 Bf8 54. Kb5 Re6 55. Kc4 h5 56. Kd5 Re5+ 57. Kc4 Rxf5 0-1

[Event "Noale Szabados Memorial-B 5th"]
[Site "Noale"]
[Date "2012.02.04"]
[Round "2"]
[White "Bortolotto, Denzio"]
[Black "Licandro, Michele"]
[Result "1/2-1/2"]
[WhiteElo "1811"]
[BlackElo "1566"]
[PlyCount "117"]
[EventDate "2012.02.03"]
[EventType "swiss"]
[EventRounds "5"]
[EventCountry "ITA"]
[SourceTitle "EXT 2022"]
[Source "ChessBase"]
[SourceDate "2021.10.06"]
[SourceVersion "1"]
[SourceVersionDate "2021.10.06"]
[SourceQuality "1"]

1. d4 Nf6 2. c4 d5 3. e3 c6 4. Nc3 Bf5 5. Nf3 h6 6. cxd5 cxd5 7. Bb5+ Nbd7 8. Ne5 e6 9. 0-0 Bd6 10. Qa4 a6 11. Bxd7+ Nxd7 12. f4 b5 13. Qb3 0-0 14. a3 Nf6 15. Nf3 Rc8 16. Bd2 Ne4 17. Be1 Be7 18. Rc1 Nf6 19. h3 Ne4 20. Qd1 Nxc3 21. Bxc3 Be4 22. Ne5 Bf6 23. Nd3 Be7 24. Qd2 Bd6 25. Ba5 Qf6 26. Bb6 Rc4 27. Bc5 Bxd3 28. Qxd3 Bxc5 29. dxc5 Qxb2 30. Rxc4 bxc4 31. Qd4 Qxd4 32. exd4 Rb8 33. Ra1 Kf8 34. Kf2 Rb3 35. Ra2 c3 36. Ke3 Rb2 37. Ra1 Rxg2 38. Kd3 c2 39. Rc1 Ke7 40. Rxc2 Rxc2 41. Kxc2 Kd7 42. Kb3 Kc6 43. Kb4 g5 44. fxg5 hxg5 45. a4 f5 46. Kc3 g4 47. hxg4 fxg4 48. Kd3 g3 49. Ke3 g2 50. Kf2 g1Q+ 51. Kxg1 e5 52. dxe5 Kxc5 53. Kf2 d4 54. Kf3 Kd5 55. Kf4 d3 56. Ke3 Kxe5 57. Kxd3 Kd5 58. Kc3 a5 59. Kd3 1/2-1/2

[Event "Noale Szabados Memorial-B 5th"]
[Site "Noale"]
[Date "2012.02.04"]
[Round "3"]
[White "Licandro, Michele"]
[Black "Barp, Alberto"]
[Result "0-1"]
[WhiteElo "1566"]
[BlackElo "1751"]
[PlyCount "80"]
[EventDate "2012.02.03"]
[EventType "swiss"]
[EventRounds "5"]
[EventCountry "ITA"]
[SourceTitle "EXT 2022"]
[Source "ChessBase"]
[SourceDate "2021.10.06"]
[SourceVersion "1"]
[SourceVersionDate "2021.10.06"]
[SourceQuality "1"]

1. e4 c6 2. d4 d5 3. Nc3 dxe4 4. Nxe4 Bf5 5. Bd3 Qxd4 6. Qf3 Bxe4 7. Bxe4 Nf6 8. Bd3 Nbd7 9. Ne2 Qg4 10. Qxg4 Nxg4 11. Bf5 Ngf6 12. Bxd7+ Nxd7 13. Be3 e6 14. 0-0-0 Nb6 15. Nc3 Bb4 16. Ne4 Nd7 17. Rd4 Be7 18. Rhd1 0-0-0 19. Nd6+ Bxd6 20. Rxd6 Nb6 21. Rxd8+ Rxd8 22. Rxd8+ Kxd8 23. Bxb6+ axb6 24. Kd2 Kd7 25. Kd3 Kd6 26. c4 g6 27. b4 f5 28. a4 e5 29. Ke3 h6 30. h4 g5 31. g3 e4 32. hxg5 hxg5 33. g4 Ke5 34. gxf5 Kxf5 35. f3 exf3 36. Kxf3 Ke5 37. a5 bxa5 38. bxa5 Kd4 39. Kg4 Kxc4 40. Kxg5 Kb5 0-1

[Event "Noale Szabados Memorial-B 5th"]
[Site "Noale"]
[Date "2012.02.03"]
[Round "1"]
[White "Licandro, Michele"]
[Black "Pozzobon, Davide"]
[Result "0-1"]
[WhiteElo "1566"]
[BlackElo "1873"]
[PlyCount "98"]
[EventDate "2012.02.03"]
[EventType "swiss"]
[EventRounds "5"]
[EventCountry "ITA"]
[SourceTitle "EXT 2022"]
[Source "ChessBase"]
[SourceDate "2021.10.06"]
[SourceVersion "1"]
[SourceVersionDate "2021.10.06"]
[SourceQuality "1"]

1. e4 c5 2. Nf3 d6 3. d3 Nc6 4. Nc3 g6 5. Rb1 Bg7 6. a3 e6 7. Be2 Nge7 8. Bg5 a6 9. Qd2 Qc7 10. Bh6 0-0 11. Bxg7 Kxg7 12. Qf4 Nd4 13. Bd1 Nec6 14. 0-0 Nxf3+ 15. Qxf3 Nd4 16. Qg3 b5 17. Ne2 Nxe2+ 18. Bxe2 b4 19. a4 Rb8 20. b3 Qe7 21. f4 Bb7 22. Rbe1 Qf6 23. Bd1 Qd4+ 24. Qe3 Rbc8 25. Qxd4+ cxd4 26. Rf2 e5 27. f5 f6 28. g4 gxf5 29. gxf5 Rg8 30. Rg2+ Kf7 31. Ree2 d5 32. Rg3 dxe4 33. dxe4 Rc3 34. Kf2 Rgxg3 35. hxg3 Kg7 36. Kg2 Kh6 37. Kh3 Kg5 38. Kg2 h5 39. Kh2 h4 40. gxh4+ Kxh4 41. Kg2 Kg5 42. Re1 Kf4 43. Rf1+ Ke3 44. Rf2 Bxe4+ 45. Kg3 d3 46. cxd3 Rxd3 47. Bc2 Rc3 48. Bd1 Bd5 49. Kg4 Kxf2 0-1

[Event "Mogliano Veneto op-C 31st"]
[Site "Mogliano Veneto"]
[Date "2010.05.02"]
[Round "5"]
[White "Licandro, Michele"]
[Black "Buso, Gianluca"]
[Result "1/2-1/2"]
[WhiteElo "1517"]
[BlackElo "1395"]
[PlyCount "23"]
[EventDate "2010.04.30"]
[EventType "swiss"]
[EventRounds "5"]
[EventCountry "ITA"]
[SourceTitle "EXT 2023"]
[Source "ChessBase"]
[SourceDate "2022.10.05"]
[SourceVersion "1"]
[SourceVersionDate "2022.10.05"]
[SourceQuality "1"]

1. d4 f5 2. Bf4 e6 3. Nf3 d5 4. e3 Nf6 5. Ne5 Bd6 6. Bg5 0-0 7. Nd2 Nbd7 8. f4 Qe8 9. Bd3 Bxe5 10. dxe5 Ne4 11. Nxe4 fxe4 12. Be2 1/2-1/2

[Event "Udine Oro Caffe op 2nd"]
[Site "Udine"]
[Date "2009.07.10"]
[Round "5"]
[White "Menon, Michele"]
[Black "Licandro, Michele"]
[Result "1-0"]
[WhiteElo "1741"]
[BlackElo "1523"]
[PlyCount "58"]
[EventDate "2009.07.06"]
[EventType "swiss"]
[EventRounds "7"]
[EventCountry "ITA"]
[SourceTitle "EXT 2011"]
[Source "ChessBase"]
[SourceDate "2010.11.26"]
[SourceVersion "1"]
[SourceVersionDate "2010.11.26"]
[SourceQuality "1"]

1. Nf3 d6 2. d4 Nf6 3. Nbd2 c6 4. e4 Bg4 5. Be2 Nbd7 6. c3 g6 7. Qc2 Bg7 8. h3 Bxf3 9. Nxf3 0-0 10. 0-0 b5 11. Be3 a6 12. Bd3 Rc8 13. Qd2 c5 14. a4 c4 15. Bc2 e5 16. dxe5 Nxe5 17. Nxe5 dxe5 18. Qe2 Qc7 19. axb5 axb5 20. Ra7 Qc6 21. Qf3 Rc7 22. Rfa1 Rxa7 23. Rxa7 Ra8 24. Qg3 Rxa7 25. Bxa7 Nxe4 26. Qe3 f5 27. f3 Ng3 28. Qd2 Qc7 29. Qd5+ Kh8 1-0